| 000 | 00846nam a2200241Ia 4500 | ||
|---|---|---|---|
| 003 | GCL | ||
| 008 | 140319s9999 xx 000 0 ara d | ||
| 020 | _a096015977 | ||
| 040 |
_aGCL / _cGCL |
||
| 082 | 0 | 4 |
_a320.9495 _bف أ |
| 100 | 1 | _aفضل الله محمد اسماعيل | |
| 245 | 1 | 0 |
_aالاصول اليونانية للفكر السياسى الغربى الحديث / _cفضل الله محمد اسماعيل |
| 250 | _aالاولى | ||
| 260 |
_aالقاهرة : _bبستان المعرفة ، _c2001 |
||
| 300 |
_a56 ص ؛ _c24 سم |
||
| 650 | 0 | 4 | _aالنظم السياسية |
| 650 | 0 | 4 | _aاليونان |
| 650 | 0 | 4 | _aالحضارة الاغريقية |
| 650 | 0 | 4 | _aالسياسة - تاريخ |
| 650 | 0 | 4 | _aاليونان - تاريخ |
| 650 | 0 | 4 | _aاليونان - الاحوال السياسية |
| 942 |
_2ddc _cBK |
||
| 999 |
_c6222 _d6222 |
||